| 000 | 00410nam a22001697a 4500 | ||
|---|---|---|---|
| 003 | AR-RoIUNI | ||
| 005 | 20190430160101.0 | ||
| 008 | 190430b xxu||||| |||| 00| 0 spa d | ||
| 020 | _a9788589177030 | ||
| 040 | _cIUNIR | ||
| 080 | _a37 ENS | ||
| 245 | 1 | _aEnsinar a bem viver | |
| 260 |
_aCanoas _bUnilasalle _c2011 |
||
| 300 |
_a200 p. _c23 cm. |
||
| 650 | 1 | 0 |
_979 _aCiencias de la Educación |
| 942 |
_2cdu _cBK |
||
| 999 |
_c4542 _d4542 |
||